Catálogo
 En Linea

Normas internas de auditoría gubernamental (NIAGU). (Registro nro. 37957)

Detalles MARC
000 -CABECERA
campo de control de longitud fija 00503nam a2200145 a 4500
001 - NÚMERO DE CONTROL
campo de control 000038467
005 - FECHA Y HORA DE LA ÚLTIMA TRANSACCIÓN
campo de control 20201002031252.0
008 - DATOS DE LONGITUD FIJA--INFORMACIÓN GENERAL
campo de control de longitud fija 130412s1197 000 spa d
040 ## - FUENTE DE LA CATALOGACIÓN
Centro catalogador/agencia de origen DO-SdBNP
Lengua de catalogación spa
Centro/agencia transcriptor BNPHU
110 1# - ENTRADA PRINCIPAL--NOMBRE DE ENTIDAD CORPORATIVA
Nombre de entidad corporativa o nombre de jurisdicción como elemento de entrada República Dominicana.
Unidad subordinada Contraloría General de la República
9 (RLIN) 21624
245 10 - MENCIÓN DE TÍTULO
Título Normas internas de auditoría gubernamental (NIAGU).
260 ## - PUBLICACIÓN, DISTRIBUCIÓN, ETC.
Lugar de publicación, distribución, etc. Santo Domingo :
Nombre del editor, distribuidor, etc. Contraloría General de la República,
Fecha de publicación, distribución, etc. 1197.
300 ## - DESCRIPCIÓN FÍSICA
Extensión 56 p. ;
Dimensiones 21 cm.
504 ## - NOTA DE BIBLIOGRAFÍA, ETC.
Nota de bibliografía, etc. Bibliografía : p. 55 -56
Existencias
Estado de retiro Estado de pérdida Restricciones de uso No para préstamo Código de colección Localización permanente Ubicación/localización actual Ubicación en estantería Fecha de adquisición Número de inventario Total de préstamos Signatura topográfica completa Código de barras Fecha visto por última vez Precio válido a partir de Tipo de ítem Koha
        Monografías: Libros y Folletos Patrimonio Dominicano Patrimonio Dominicano Orden iniciada 12.04.2013 LF1   38467-10 25.06.2020 25.06.2020 No se presta

Con tecnología Koha